Suomen kunnat kahden ensimmäisen kirjaimen mukaan - Statistics

Yleistilastot
  • Tätä visaa on pelattu 734 kertaa
  • Keskiarvotulos 279 / 309
Vastaukset kartalla
Vastauksille on annettu kartalla punavihreä väri sen mukaan, kuinka moni on saanut sen oikein.
 
Vastaustilastot
Kunta % Oikein
Heinävesi
99%
Heinola
99%
Helsinki
99%
Kökar
99%
Kokemäki
99%
Kokkola
99%
Kolari
99%
Konnevesi
99%
Kontiolahti
99%
Korsnäs
99%
Koski Tl
99%
Kotka
99%
Kouvola
99%
Lahti
98%
Laihia
98%
Laitila
98%
Lapinjärvi
98%
Lapinlahti
98%
Lappajärvi
98%
Lappeenranta
98%
Lapua
98%
Laukaa
98%
Tohmajärvi
98%
Toholampi
98%
Toivakka
98%
Tornio
98%
Vaala
98%
Vaasa
98%
Valkeakoski
98%
Vantaa
98%
Vårdö
98%
Varkaus
98%
Kaarina
97%
Kaavi
97%
Kajaani
97%
Kalajoki
97%
Kangasala
97%
Kangasniemi
97%
Kankaanpää
97%
Kannonkoski
97%
Kannus
97%
Karijoki
97%
Karkkila
97%
Kärkölä
97%
Kärsämäki
97%
Karstula
97%
Karvia
97%
Kaskinen
97%
Kauhajoki
97%
Kauhava
97%
Kauniainen
97%
Kaustinen
97%
Keitele
97%
Kemi
97%
Kemijärvi
97%
Keminmaa
97%
Kemiönsaari
97%
Kempele
97%
Kerava
97%
Keuruu
97%
Polvijärvi
97%
Pomarkku
97%
Pori
97%
Pornainen
97%
Porvoo
97%
Posio
97%
Pöytyä
97%
Raahe
97%
Rääkkylä
97%
Raasepori
97%
Raisio
97%
Rantasalmi
97%
Ranua
97%
Rauma
97%
Rautalampi
97%
Rautavaara
97%
Rautjärvi
97%
Haapajärvi
96%
Haapavesi
96%
Hailuoto
96%
Halsua
96%
Hämeenkyrö
96%
Hämeenlinna
96%
Hamina
96%
Hammarland
96%
Hankasalmi
96%
Hanko
96%
Harjavalta
96%
Hartola
96%
Hattula
96%
Hausjärvi
96%
Kuhmo
96%
Kuhmoinen
96%
Kumlinge
96%
Kuopio
96%
Kuortane
96%
Kurikka
96%
Kustavi
96%
Kuusamo
96%
Saarijärvi
96%
Säkylä
96%
Salla
96%
Salo
96%
Saltvik
96%
Sastamala
96%
Sauvo
96%
Savitaipale
96%
Savonlinna
96%
Savukoski
96%
Sievi
96%
Siikainen
96%
Siikajoki
96%
Siikalatva
96%
Siilinjärvi
96%
Simo
96%
Sipoo
96%
Siuntio
96%
Sodankylä
96%
Soini
96%
Somero
96%
Sonkajärvi
96%
Sotkamo
96%
Sottunga
96%
Kihniö
95%
Kinnula
95%
Kirkkonummi
95%
Kitee
95%
Kittilä
95%
Kiuruvesi
95%
Kivijärvi
95%
Rovaniemi
95%
Taipalsaari
95%
Taivalkoski
95%
Taivassalo
95%
Tammela
95%
Tampere
95%
Inari
94%
Inkoo
94%
Maalahti
94%
Maarianhamina
94%
Mäntsälä
94%
Mänttä-Vilppula
94%
Mäntyharju
94%
Marttila
94%
Masku
94%
Pedersören kunta
94%
Pelkosenniemi
94%
Pello
94%
Perho
94%
Pertunmaa
94%
Petäjävesi
94%
Utajärvi
94%
Utsjoki
94%
Enonkoski
93%
Enontekiö
93%
Ii
93%
Iisalmi
93%
Iitti
93%
Joensuu
93%
Jokioinen
93%
Jomala
93%
Joroinen
93%
Joutsa
93%
Muhos
93%
Multia
93%
Muonio
93%
Mustasaari
93%
Muurame
93%
Oulainen
93%
Oulu
93%
Outokumpu
93%
Padasjoki
93%
Paimio
93%
Pälkäne
93%
Paltamo
93%
Parainen
93%
Parikkala
93%
Parkano
93%
Turku
93%
Tuusniemi
93%
Tuusula
93%
Vieremä
93%
Vihti
93%
Viitasaari
93%
Vimpeli
93%
Virolahti
93%
Virrat
93%
Jämijärvi
92%
Jämsä
92%
Janakkala
92%
Järvenpää
92%
Lieksa
92%
Lieto
92%
Liminka
92%
Liperi
92%
Naantali
92%
Nakkila
92%
Närpiö
92%
Pieksämäki
92%
Pielavesi
92%
Pietarsaari
92%
Pihtipudas
92%
Pirkkala
92%
Lemi
91%
Lemland
91%
Lempäälä
91%
Leppävirta
91%
Lestijärvi
91%
Lohja
91%
Loimaa
91%
Loppi
91%
Loviisa
91%
Espoo
90%
Sulkava
90%
Sund
90%
Suomussalmi
90%
Suonenjoki
90%
Luhanka
89%
Lumijoki
89%
Lumparland
89%
Luoto
89%
Luumäki
89%
Miehikkälä
89%
Mikkeli
89%
Tervo
88%
Tervola
88%
Teuva
88%
Nurmes
87%
Nurmijärvi
87%
Pudasjärvi
87%
Pukkila
87%
Punkalaidun
87%
Puolanka
87%
Puumala
87%
Riihimäki
87%
Ristijärvi
87%
Vehmaa
87%
Vesanto
87%
Vesilahti
87%
Veteli
87%
Alajärvi
86%
Alavieska
86%
Alavus
86%
Ylitornio
86%
Ylivieska
86%
Ylöjärvi
86%
Ruokolahti
85%
Ruovesi
85%
Rusko
85%
Seinäjoki
84%
Merijärvi
83%
Merikarvia
83%
Uurainen
83%
Uusikaarlepyy
83%
Uusikaupunki
83%
Ilmajoki
82%
Ilomantsi
82%
Nokia
82%
Nousiainen
82%
Pyhäjärvi
82%
Pyhäjoki
82%
Pyhäntä
82%
Pyhäranta
82%
Pyhtää
82%
Asikkala
81%
Askola
81%
Hollola
81%
Juuka
81%
Juupajoki
81%
Juva
81%
Äänekoski
79%
Hyrynsalmi
79%
Hyvinkää
79%
Huittinen
78%
Humppila
78%
Nivala
78%
Orimattila
78%
Oripää
78%
Orivesi
78%
Föglö
77%
Forssa
77%
Vöyri
77%
Hirvensalmi
76%
Reisjärvi
76%
Imatra
75%
Jyväskylä
73%
Mynämäki
73%
Myrskylä
73%
Kristiinankaupunki
72%
Kruunupyy
72%
Ähtäri
71%
Aura
71%
Akaa
70%
Eura
70%
Eurajoki
70%
Eckerö
69%
Geta
65%
Isojoki
62%
Isokyrö
62%
Tyrnävä
61%
Ulvila
60%
Ikaalinen
59%
Kyyjärvi
59%
Evijärvi
56%
Brändö
55%
Sysmä
55%
Urjala
54%
Finström
53%
Ypäjä
50%
Ehtoja vastaavia visoja ei löytynyt
Tulosjakauma
Jokaisen tuloksen saaneiden osuus
Persentiili vastausten määrän mukaan
Tuloshistoriasi
Et ole pelannut tätä visaa